[Event "Bristol Centenary & WECU Championship"]
[Site "The Great Hall, Bristol Gramm"]
[Date "2024.04.27"]
[Round "2.15"]
[White "Hobson, Kenneth"]
[Black "Miller, George I"]
[Result "1-0"]
[WhiteElo "2120"]
[BlackElo "1893"]
[PlyCount "69"]
[EventDate "2024.04.26"]
[EventRounds "5"]
[EventCountry "ENG"]
[SourceTitle "DT 112"]
[SourceDate "2024.08.26"]
[SourceVersion "1"]
[SourceVersionDate "2024.08.26"]
[SourceQuality "1"]

1. e4 c6 2. d4 d5 3. exd5 cxd5 4. Bd3 Nc6 5. c3 Nf6 6. h3 g6 7. Nf3 Bf5 8. Be2
Bg7 9. Bf4 Qb6 10. Qb3 Qxb3 11. axb3 O-O 12. Nbd2 Ne4 13. g4 Nxd2 14. Kxd2 Be4
15. Rhe1 f5 16. g5 Nd8 17. h4 Ne6 18. Be5 f4 19. Bxg7 Kxg7 20. Ne5 f3 21. Bb5
a6 22. Bd7 Nd8 23. Re3 e6 24. Rh1 Rf4 25. h5 Rf5 26. h6+ Kh8 27. Rg1 b5 28. Ra1
b4 29. Rg1 Ra7 30. Ba4 Rxe5 31. dxe5 Nf7 32. cxb4 Nxe5 33. Rc3 Kg8 34. Rc8+ Kf7
35. Rh8 1-0

[Event "Bristol Centenary & WECU Championship"]
[Site "The Great Hall, Bristol Gramm"]
[Date "2024.04.27"]
[Round "2.16"]
[White "Moore, Gerald"]
[Black "Damodaran, Patrick"]
[Result "1-0"]
[WhiteElo "2076"]
[BlackElo "1881"]
[PlyCount "91"]
[EventDate "2024.04.26"]
[EventRounds "5"]
[EventCountry "ENG"]
[SourceTitle "DT 112"]
[SourceDate "2024.08.26"]
[SourceVersion "1"]
[SourceVersionDate "2024.08.26"]
[SourceQuality "1"]

1. c4 g6 2. d4 Nf6 3. Nc3 Bg7 4. e4 d6 5. f4 c5 6. d5 O-O 7. Nf3 e5 8. dxe6
fxe6 9. Bd3 Nc6 10. O-O Nd4 11. Nxd4 cxd4 12. Nb5 e5 13. fxe5 dxe5 14. c5 Be6
15. Bg5 Qd7 16. Qe2 Kh8 17. Bxf6 Bxf6 18. Bc4 Bxc4 19. Qxc4 Be7 20. b4 a6 21.
Nd6 Bxd6 22. Qd5 Rxf1+ 23. Rxf1 Rd8 24. Rf7 Qc8 25. cxd6 Qc1+ 26. Rf1 Qg5 27.
Qe6 Qe3+ 28. Kh1 Qg5 29. Qe7 h6 30. Rf8+ Rxf8 31. Qxf8+ Kh7 32. Qe7+ Kg8 33.
Qxg5 hxg5 34. d7 a5 35. d8=Q+ Kh7 36. Qxa5 b5 37. Qxb5 g4 38. Qxe5 g3 39. Qxd4
gxh2 40. Kxh2 g5 41. Qf6 g4 42. e5 Kg8 43. e6 Kh7 44. e7 Kg8 45. e8=Q+ Kh7 46.
Qeg6# 1-0

[Event "Bristol Centenary & WECU Championship"]
[Site "The Great Hall, Bristol Gramm"]
[Date "2024.04.27"]
[Round "2.17"]
[White "Han, Qixiang"]
[Black "Smith, Andrew P"]
[Result "0-1"]
[WhiteElo "1874"]
[BlackElo "2055"]
[PlyCount "106"]
[EventDate "2024.04.26"]
[EventRounds "5"]
[EventCountry "ENG"]
[SourceTitle "DT 112"]
[SourceDate "2024.08.26"]
[SourceVersion "1"]
[SourceVersionDate "2024.08.26"]
[SourceQuality "1"]

1. d4 Nf6 2. c4 c5 3. d5 e6 4. Nc3 exd5 5. cxd5 d6 6. g3 g6 7. Bg2 Bg7 8. Nf3
O-O 9. O-O a6 10. a4 Nbd7 11. Bf4 Qc7 12. Rc1 Rb8 13. b4 b6 14. h3 Re8 15. a5
Ne4 16. axb6 Qxb6 17. Nxe4 Rxe4 18. bxc5 Nxc5 19. Nd2 Rd4 20. Be3 Rb4 21. Nc4
Rxc4 22. Rxc4 Bd7 23. Qc2 Bf5 24. Bxc5 dxc5 25. e4 Bd7 26. Rxc5 Be5 27. Kh2 h5
28. f4 Bd4 29. Rc7 Rd8 30. Rb1 Qa5 31. Rc4 Ba7 32. Qc3 Qa2 33. Rb7 Qf2 34. Rb1
h4 35. Qf3 Qa2 36. Rbc1 Bf2 37. gxh4 Bxh4 38. f5 Bf6 39. Qg3 Re8 40. Kh1 Be5
41. Qg5 Kg7 42. Rc7 Bf6 43. Qg4 Qa4 44. h4 Rh8 45. Bh3 Rxh4 46. Qg2 Qa3 47. Kg1
Rxh3 48. Rxd7 Bd4+ 49. Kf1 Qxc1+ 50. Ke2 Qc2+ 51. Ke1 Bc3+ 52. Kf1 Qd1+ 53. Kf2
Qe1# 0-1

[Event "Bristol Centenary & WECU Championship"]
[Site "The Great Hall, Bristol Gramm"]
[Date "2024.04.27"]
[Round "2.18"]
[White "Fong, Kenny"]
[Black "Alldritt, Nigel Re"]
[Result "0-1"]
[WhiteElo "1863"]
[BlackElo "1977"]
[PlyCount "76"]
[EventDate "2024.04.26"]
[EventRounds "5"]
[EventCountry "ENG"]
[SourceTitle "DT 112"]
[SourceDate "2024.08.26"]
[SourceVersion "1"]
[SourceVersionDate "2024.08.26"]
[SourceQuality "1"]

1. d4 Nf6 2. c4 g6 3. Nf3 Bg7 4. g3 O-O 5. Bg2 c6 6. Nc3 d5 7. cxd5 cxd5 8. Ne5
e6 9. O-O Nfd7 10. f4 Nc6 11. Nxc6 bxc6 12. Na4 Ba6 13. Re1 Qe7 14. Be3 Rab8
15. Rc1 Rfc8 16. b3 Qb4 17. Bf2 Bb5 18. Nc3 a5 19. e4 dxe4 20. Nxe4 a4 21. Nc3
axb3 22. axb3 Ba6 23. Na4 Qxb3 24. Qxb3 Rxb3 25. Bxc6 Nb8 26. Nc5 Rb2 27. Be4
Rxf2 28. Nxa6 Rxc1 29. Rxc1 Bxd4 30. Rc8+ Kg7 31. Rxb8 Rxf4+ 32. Kg2 Rxe4 33.
Rb4 e5 34. Nc7 Re2+ 35. Kf3 Rxh2 36. Ne8+ Kf8 37. Nd6 f5 38. Rb7 Rf2# 0-1

[Event "Bristol Centenary & WECU Championship"]
[Site "The Great Hall, Bristol Gramm"]
[Date "2024.04.27"]
[Round "2.19"]
[White "Chua, Sebastien"]
[Black "Han, Qixuan"]
[Result "0-1"]
[WhiteElo "1969"]
[BlackElo "1827"]
[PlyCount "86"]
[EventDate "2024.04.26"]
[EventRounds "5"]
[EventCountry "ENG"]
[SourceTitle "DT 112"]
[SourceDate "2024.08.26"]
[SourceVersion "1"]
[SourceVersionDate "2024.08.26"]
[SourceQuality "1"]

1. c4 c6 2. g3 d5 3. Nf3 Nf6 4. Bg2 g6 5. b3 Bg7 6. Bb2 O-O 7. O-O Na6 8. d3 e6
9. Nbd2 b6 10. e4 Bb7 11. Qe2 Qe7 12. a3 dxe4 13. dxe4 Rfd8 14. b4 c5 15. e5
Ne8 16. b5 Nac7 17. Ne4 Rd7 18. g4 Rad8 19. g5 Bxe4 20. Qxe4 h6 21. h4 h5 22.
a4 Bh8 23. a5 Ng7 24. axb6 axb6 25. Qc6 Rb8 26. Rfd1 Rdd8 27. Rd6 Nce8 28. Rad1
Rdc8 29. Qd7 Rc7 30. Qxe7 Rxe7 31. Rc6 Nf5 32. Kh2 Ra7 33. Bc3 Ne7 34. Nd2 Nxc6
35. Bxc6 Ra4 36. Ne4 Rxc4 37. f4 Nc7 38. Rd7 Nxb5 39. Ba1 Nd4 40. Bxd4 Rxd4 41.
Nd6 Rxf4 42. Kh3 Bxe5 43. Ne4 c4 0-1

[Event "Bristol Centenary & WECU Championship"]
[Site "The Great Hall, Bristol Gramm"]
[Date "2024.04.27"]
[Round "2.20"]
[White "Hu, Junyan"]
[Black "Cast, Julian"]
[Result "0-1"]
[WhiteElo "1704"]
[BlackElo "1951"]
[PlyCount "170"]
[EventDate "2024.04.26"]
[EventRounds "5"]
[EventCountry "ENG"]
[SourceTitle "DT 112"]
[SourceDate "2024.08.26"]
[SourceVersion "1"]
[SourceVersionDate "2024.08.26"]
[SourceQuality "1"]

1. e4 d6 2. d4 Nf6 3. Nc3 Nbd7 4. Nf3 e5 5. g3 c6 6. Bg2 Be7 7. O-O Qc7 8. Qe2
b6 9. Rd1 a6 10. a4 O-O 11. b3 Re8 12. Ba3 Rb8 13. d5 cxd5 14. Nxd5 Nxd5 15.
Rxd5 Nf6 16. Rd3 b5 17. axb5 axb5 18. Bb4 Bb7 19. Ne1 Ra8 20. Rc3 Qb6 21. Rd1
Red8 22. Rcd3 Bf8 23. Kh1 h5 24. f3 g6 25. Qd2 d5 26. Bxf8 Kxf8 27. exd5 Rxd5
28. Qe2 Rxd3 29. Nxd3 Re8 30. Nf2 Nd5 31. Qd2 b4 32. Ne4 Kg7 33. Qf2 Qxf2 34.
Nxf2 Ne3 35. Rd7 Ra8 36. h4 Bc8 37. Rc7 Bf5 38. c3 Ra2 39. Kg1 Rc2 40. c4 Rb2
41. Rc5 Rxb3 42. Rxe5 Nxc4 43. Rb5 Rb1+ 44. Kh2 b3 45. g4 hxg4 46. fxg4 Be6 47.
Be4 Rb2 48. Kg1 Nd6 49. Rb4 Re2 50. Bd3 Ra2 51. Rb6 Nc8 52. Rb8 Ne7 53. Ne4 Nc6
54. Rb6 Ne5 55. Bb1 Ra1 56. Nc3 Nxg4 57. Kg2 Ne3+ 58. Kf3 Nd5 59. Rxb3 Nxc3 60.
Rxc3 Rxb1 61. Kg3 Rb3 62. Rxb3 Bxb3 63. Kg4 Bd1+ 64. Kg5 f5 65. Kf4 Kh6 66. Kg3
Kh5 67. Kh3 f4 68. Kg2 Kxh4 69. Kf2 g5 70. Ke1 Ba4 71. Kf2 Kh3 72. Kg1 g4 73.
Kf2 g3+ 74. Kg1 g2 75. Kf2 Kh2 76. Kf3 g1=Q 77. Kxf4 Qd4+ 78. Kf5 Bd7+ 79. Kg5
Qe5+ 80. Kg6 Be8+ 81. Kh6 Qf6+ 82. Kh7 Qg5 83. Kh8 Bf7 84. Kh7 Qg6+ 85. Kh8
Qg8# 0-1

[Event "Bristol Centenary & WECU Championship"]
[Site "The Great Hall, Bristol Gramm"]
[Date "2024.04.27"]
[Round "2.21"]
[White "Maton, Emily"]
[Black "Guilfoyle, John M"]
[Result "1/2-1/2"]
[WhiteElo "1876"]
[BlackElo "2070"]
[PlyCount "72"]
[EventDate "2024.04.26"]
[EventRounds "5"]
[EventCountry "ENG"]
[SourceTitle "DT 112"]
[SourceDate "2024.08.26"]
[SourceVersion "1"]
[SourceVersionDate "2024.08.26"]
[SourceQuality "1"]

1. d4 Nf6 2. c4 c5 3. d5 e6 4. Nc3 exd5 5. cxd5 d6 6. e4 g6 7. f4 Bg7 8. Bb5+
Nfd7 9. a4 Na6 10. Nf3 O-O 11. O-O Nb4 12. Re1 a6 13. Bxd7 Bxd7 14. h3 Re8 15.
Na2 Nxa2 16. Rxa2 b5 17. axb5 axb5 18. Rxa8 Qxa8 19. e5 Qb8 20. Qe2 b4 21. b3
Bb5 22. Qe3 c4 23. bxc4 Bxc4 24. Qd4 Qb5 25. Re4 Bxd5 26. Qxb4 Qc6 27. Re1 Bxf3
28. gxf3 dxe5 29. Qe4 Qc8 30. Kg2 Re6 31. Qd3 e4 32. fxe4 Rc6 33. Bd2 Bc3 34.
Rd1 Kg7 35. Bxc3+ Rxc3 36. Qd4+ Kg8 1/2-1/2

[Event "Bristol Centenary & WECU Championship"]
[Site "The Great Hall, Bristol Gramm"]
[Date "2024.04.27"]
[Round "2.22"]
[White "Ogunshola, Olugbemiga (Ben)"]
[Black "Fu, Yuting"]
[Result "1-0"]
[WhiteElo "2038"]
[BlackElo "1914"]
[PlyCount "61"]
[EventDate "2024.04.26"]
[EventRounds "5"]
[EventCountry "ENG"]
[SourceTitle "DT 112"]
[SourceDate "2024.08.26"]
[SourceVersion "1"]
[SourceVersionDate "2024.08.26"]
[SourceQuality "1"]

1. c4 c6 2. Nf3 Nf6 3. g3 d5 4. Bg2 Nbd7 5. cxd5 cxd5 6. d4 e6 7. Bf4 Nh5 8.
Bd2 Bd6 9. Nc3 O-O 10. O-O f5 11. e4 fxe4 12. Ng5 Qe8 13. Nb5 Bb8 14. Rc1 Nb6
15. Nc7 Bxc7 16. Rxc7 h6 17. Nh3 Nf6 18. f3 exf3 19. Rxf3 e5 20. dxe5 Qxe5 21.
Bf4 Qxb2 22. Rf2 Qb4 23. Be5 Bg4 24. Qf1 Nbd7 25. Rb2 Qa4 26. Bxf6 Nxf6 27.
Rbxb7 Nh5 28. Qd3 Rae8 29. Bxd5+ Kh8 30. Nf4 Nxf4 31. Qh7+ 1-0

[Event "Bristol Centenary & WECU Championship"]
[Site "The Great Hall, Bristol Gramm"]
[Date "2024.04.27"]
[Round "2.23"]
[White "Meek, Stephen J"]
[Black "Perrin, Brent"]
[Result "1-0"]
[WhiteElo "1977"]
[BlackElo "1891"]
[PlyCount "51"]
[EventDate "2024.04.26"]
[EventRounds "5"]
[EventCountry "ENG"]
[SourceTitle "DT 112"]
[SourceDate "2024.08.26"]
[SourceVersion "1"]
[SourceVersionDate "2024.08.26"]
[SourceQuality "1"]

1. e4 d5 2. exd5 Qxd5 3. Nc3 Qd8 4. d4 Nf6 5. Nf3 Bg4 6. h3 Bxf3 7. Qxf3 c6 8.
Be3 e6 9. O-O-O Bb4 10. Ne4 Nxe4 11. Qxe4 Qd5 12. Qxd5 cxd5 13. Rd3 Bd6 14. Rb3
b6 15. Rd3 Nc6 16. Rd1 a6 17. c4 O-O 18. cxd5 exd5 19. Kb1 b5 20. g4 f5 21. Bg2
Ne7 22. Bg5 Rad8 23. Rhe1 Rd7 24. Re6 Ng6 25. Bxd5 Kh8 26. Bc6 1-0

[Event "Bristol Centenary & WECU Championship"]
[Site "The Great Hall, Bristol Gramm"]
[Date "2024.04.27"]
[Round "2.24"]
[White "Davis, Colin J"]
[Black "Lesniowski, Paul A"]
[Result "1-0"]
[WhiteElo "1975"]
[BlackElo "1871"]
[PlyCount "95"]
[EventDate "2024.04.26"]
[EventRounds "5"]
[EventCountry "ENG"]
[SourceTitle "DT 112"]
[SourceDate "2024.08.26"]
[SourceVersion "1"]
[SourceVersionDate "2024.08.26"]
[SourceQuality "1"]

1. Nf3 Nf6 2. b3 d5 3. Bb2 g6 4. c4 dxc4 5. bxc4 Bg7 6. g3 O-O 7. Bg2 c5 8. O-O
Nc6 9. d3 Qc7 10. Nc3 e5 11. Rb1 Rd8 12. Nd2 a6 13. Ba3 Qa5 14. Qc1 Nd7 15. Nd5
Nd4 16. Re1 Re8 17. e3 Ne6 18. Ne4 Qd8 19. Nd6 Rf8 20. Nxb7 Bxb7 21. Rxb7 Rb8
22. Ra7 a5 23. Qc2 Kh8 24. Bb2 Nb6 25. Bc3 Nxd5 26. cxd5 Qb6 27. Rxa5 Nc7 28.
Ra3 Qd6 29. Rb3 Nxd5 30. Ba1 Nb4 31. Qc4 Rbd8 32. Rd1 Rd7 33. a3 Nc6 34. Rb6
Rc7 35. Qa6 Rfc8 36. Rdb1 h5 37. Qb5 Kh7 38. a4 Bf8 39. a5 Na7 40. Qc4 Qe7 41.
a6 f6 42. Re6 Qg7 43. Rbb6 Rf7 44. Be4 Rd8 45. Bxe5 Nc8 46. Rb7 fxe5 47. Rxg6
Qxg6 48. Qxf7+ 1-0

[Event "Bristol Centenary & WECU Championship"]
[Site "The Great Hall, Bristol Gramm"]
[Date "2024.04.27"]
[Round "2.25"]
[White "Lampard, Alice"]
[Black "Fellowes, Billy"]
[Result "1/2-1/2"]
[WhiteElo "1844"]
[BlackElo "1969"]
[PlyCount "124"]
[EventDate "2024.04.26"]
[EventRounds "5"]
[EventCountry "ENG"]
[SourceTitle "DT 112"]
[SourceDate "2024.08.26"]
[SourceVersion "1"]
[SourceVersionDate "2024.08.26"]
[SourceQuality "1"]

{[%evp 0,44,41,28,16,-16,35,25,17,43,38,38,38,48,35,29,45,49,37,38,41,41,59,67,
74,39,24,-11,82,78,59,65,65,23,51,-41,-33,-29,-15,-89,-64,-64,-66,-89,-68,-61,
-42]} 1. d4 Nf6 2. c4 g6 3. Nc3 Bg7 4. e4 d6 5. Nf3 O-O 6. Be2 Nbd7 7. O-O e5
8. Be3 exd4 9. Nxd4 Re8 10. f3 c6 11. Qd2 d5 12. cxd5 cxd5 13. Rad1 a6 14. g4
Nb6 15. Nc2 Be6 16. g5 Nh5 17. Nxd5 Nxd5 18. exd5 Bf5 19. Nd4 Bh3 20. Rfe1 Qxd5
21. b3 b5 22. Bf1 Bxd4 23. Qxd4 Qxf3 24. Bxh3 Qxh3 25. Bc1 h6 26. Bb2 Kh7 27.
Rxe8 Rxe8 28. Rf1 Qe3+ 29. Qxe3 Rxe3 30. Rxf7+ Kg8 31. gxh6 Kxf7 32. h7 Re8 33.
h8=Q Rxh8 34. Bxh8 Nf4 35. a3 Ke6 36. Kf2 Kf5 37. h4 Kg4 38. Bf6 Nh5 39. Bd8
Kf4 40. Ke2 Ke4 41. Kd2 Nf4 42. Kc3 Nd5+ 43. Kd2 Kd4 44. Bg5 a5 45. Kc2 a4 46.
Bd8 Ne3+ 47. Kd2 Nd5 48. Kc2 Ke4 49. Bg5 Kf5 50. Bd8 Ke5 51. Bg5 Kd6 52. Bd8
Kc6 53. Bg5 Kc5 54. Bh6 Nc7 55. Bg5 Ne6 56. Be7+ Kd5 57. Kc3 Nd4 58. bxa4 bxa4
59. Bg5 Nc6 60. Bh6 Kc5 61. Bf8+ Kb5 62. Bd6 Nd8 1/2-1/2

[Event "Bristol Centenary & WECU Championship"]
[Site "The Great Hall, Bristol Gramm"]
[Date "2024.04.27"]
[Round "2.26"]
[White "Crockart, George N"]
[Black "Mize, Dylan"]
[Result "0-1"]
[WhiteElo "1954"]
[BlackElo "1870"]
[PlyCount "78"]
[EventDate "2024.04.26"]
[EventRounds "5"]
[EventCountry "ENG"]
[SourceTitle "DT 112"]
[SourceDate "2024.08.26"]
[SourceVersion "1"]
[SourceVersionDate "2024.08.26"]
[SourceQuality "1"]

1. c4 Nf6 2. Nc3 e6 3. Nf3 Bb4 4. e3 c5 5. Be2 O-O 6. O-O Nc6 7. d4 Bxc3 8.
bxc3 d6 9. Qc2 e5 10. Rd1 e4 11. Nd2 Bf5 12. Nb3 Qe7 13. Ba3 b6 14. Nd2 h5 15.
Nf1 h4 16. h3 Kh8 17. Rd2 g5 18. Qd1 Rad8 19. Nh2 Na5 20. Kh1 Rg8 21. Rb1 Rde8
22. Rb5 Nc6 23. Rbb2 Bc8 24. Ng4 Nxg4 25. hxg4 Qf6 26. Kg1 Na5 27. Rbc2 Ba6 28.
dxc5 dxc5 29. Bxc5 bxc5 30. Rd6 Re6 31. Rcd2 Bxc4 32. Rd7 Bxe2 33. Qxe2 Nc6 34.
R2d5 Ne5 35. Rxa7 Rb6 36. Rxc5 Rb1+ 37. Kh2 Nf3+ 38. gxf3 Qd6+ 39. Kg2 h3+ 0-1

[Event "Bristol Centenary & WECU Championship"]
[Site "The Great Hall, Bristol Gramm"]
[Date "2024.04.27"]
[Round "2.27"]
[White "Baer, Bruce L"]
[Black "Marsden, Rupert"]
[Result "1-0"]
[WhiteElo "1945"]
[BlackElo "1818"]
[PlyCount "91"]
[EventDate "2024.04.26"]
[EventRounds "5"]
[EventCountry "ENG"]
[SourceTitle "DT 112"]
[SourceDate "2024.08.26"]
[SourceVersion "1"]
[SourceVersionDate "2024.08.26"]
[SourceQuality "1"]

1. Nf3 Nf6 2. g3 g6 3. Bg2 Bg7 4. d3 O-O 5. e4 d6 6. O-O c5 7. Re1 Nc6 8. c3 d5
9. e5 Nd7 10. d4 e6 11. h4 b5 12. h5 a5 13. hxg6 hxg6 14. Bg5 Qb6 15. Qd2 b4
16. Bh3 Ba6 17. Kg2 bxc3 18. bxc3 cxd4 19. cxd4 Qb5 20. Nc3 Qd3 21. Qxd3 Bxd3
22. Nxd5 exd5 23. Bxd7 Ra6 24. Rac1 Nd8 25. Be7 Be4 26. Rc7 Ne6 27. Bxe6 fxe6
28. Bxf8 Bxf8 29. Rc8 Ra7 30. Rxe4 dxe4 31. Ng5 Re7 32. Nxe4 Kg7 33. Ng5 Kh6
34. f4 Kg7 35. Kf3 Kg8 36. Ra8 Kg7 37. Rxa5 Re8 38. Ra7+ Kg8 39. Ne4 Be7 40.
Nf6+ Bxf6 41. exf6 Rf8 42. Rg7+ Kh8 43. Rxg6 Kh7 44. Rg7+ Kh6 45. Re7 Rxf6 46.
g4 1-0

[Event "Bristol Centenary & WECU Championship"]
[Site "The Great Hall, Bristol Gramm"]
[Date "2024.04.27"]
[Round "2.28"]
[White "Jones, Mark G"]
[Black "Iwi, Graham R"]
[Result "1/2-1/2"]
[WhiteElo "1767"]
[BlackElo "1944"]
[PlyCount "54"]
[EventDate "2024.04.26"]
[EventRounds "5"]
[EventCountry "ENG"]
[SourceTitle "DT 112"]
[SourceDate "2024.08.26"]
[SourceVersion "1"]
[SourceVersionDate "2024.08.26"]
[SourceQuality "1"]

1. e4 e6 2. c4 d5 3. cxd5 exd5 4. exd5 Nf6 5. Nc3 Nxd5 6. Bc4 Nb6 7. Bb3 Be7 8.
Nf3 O-O 9. h3 N8d7 10. d4 c6 11. O-O Nf6 12. Bg5 Nfd5 13. Bxe7 Nxe7 14. Qd2
Ned5 15. Rfe1 h6 16. Re2 Be6 17. Rae1 Qf6 18. Ne4 Qf4 19. Nc5 Bxh3 20. Re4 Qf6
21. Rh4 Bf5 22. Nxb7 Rfe8 23. Nc5 Kf8 24. Ne4 Bxe4 25. Rhxe4 Rxe4 26. Rxe4 Re8
27. Qe2 Rd8 1/2-1/2

[Event "Bristol Centenary & WECU Championship"]
[Site "The Great Hall, Bristol Gramm"]
[Date "2024.04.27"]
[Round "2.29"]
[White "Udaya Shanker, Rajani Prasath"]
[Black "Hill, Andy"]
[Result "0-1"]
[WhiteElo "1599"]
[BlackElo "1926"]
[PlyCount "70"]
[EventDate "2024.04.26"]
[EventRounds "5"]
[EventCountry "ENG"]
[SourceTitle "DT 112"]
[SourceDate "2024.08.26"]
[SourceVersion "1"]
[SourceVersionDate "2024.08.26"]
[SourceQuality "1"]

1. e4 e6 2. b3 d5 3. Bb2 Nf6 4. e5 Nfd7 5. d4 c5 6. Nf3 Nc6 7. Be2 Be7 8. O-O
O-O 9. Bb5 Qb6 10. Bxc6 bxc6 11. c3 a5 12. Qc2 Rb8 13. Ba3 Re8 14. Nbd2 Ba6 15.
Rfc1 cxd4 16. Bxe7 d3 17. Qd1 Rxe7 18. c4 Nc5 19. Rc3 Ne4 20. Nxe4 dxe4 21. Nd2
Qd4 22. Rac1 Qxe5 23. Qg4 f5 24. Qg5 Rd7 25. g3 c5 26. Qe3 Qd4 27. Qf4 Rf8 28.
Nb1 e5 29. Qd2 Bb7 30. Na3 Qd6 31. h3 Qc6 32. Kh2 f4 33. g4 e3 34. fxe3 fxe3
35. Qb2 Rf2+ 0-1

[Event "Bristol Centenary & WECU Championship"]
[Site "The Great Hall, Bristol Gramm"]
[Date "2024.04.27"]
[Round "2.30"]
[White "Gorgun, Aliriza Atif"]
[Black "Leroy, Jason"]
[Result "1-0"]
[WhiteElo "1916"]
[BlackElo "1636"]
[PlyCount "71"]
[EventDate "2024.04.26"]
[EventRounds "5"]
[EventCountry "ENG"]
[SourceTitle "DT 112"]
[SourceDate "2024.08.26"]
[SourceVersion "1"]
[SourceVersionDate "2024.08.26"]
[SourceQuality "1"]

1. e4 e5 2. Nc3 Nc6 3. f4 exf4 4. d4 Qh4+ 5. Ke2 d6 6. Nf3 Bg4 7. Nd5 O-O-O 8.
Bxf4 Nf6 9. Bg3 Qh5 10. Nxf6 gxf6 11. Kf2 d5 12. exd5 Nxd4 13. Qxd4 Rxd5 14.
Qxf6 Bc5+ 15. Ke1 Re8+ 16. Ne5 Rdxe5+ 17. Bxe5 Rxe5+ 18. Kd2 Be3+ 19. Kd3 Bf5+
20. Kc3 Rc5+ 21. Bc4 Qe2 22. Qh8+ Kd7 23. Rad1+ Kc6 24. Qe8+ Kb6 25. Qb5+ Rxb5
26. Bxe2 Rc5+ 27. Bc4 Be6 28. b3 Bf4 29. g3 Be5+ 30. Kd3 Bf5+ 31. Kd2 Kc6 32.
Bd3 Rd5 33. Kc1 Be6 34. Be4 Kc5 35. Bxd5 Bxd5 36. Rhe1 1-0

[Event "Bristol Centenary & WECU Championship"]
[Site "The Great Hall, Bristol Gramm"]
[Date "2024.04.27"]
[Round "3.1"]
[White "Boswell, Jacob Connor"]
[Black "Garcia, Oscar"]
[Result "1-0"]
[WhiteElo "2254"]
[BlackElo "2088"]
[PlyCount "73"]
[EventDate "2024.04.26"]
[EventRounds "5"]
[EventCountry "ENG"]
[SourceTitle "ID added"]
[SourceDate "2024.08.26"]
[SourceVersion "1"]
[SourceVersionDate "2024.08.26"]
[SourceQuality "1"]

1. d4 d5 2. c4 e6 3. Nf3 Nf6 4. Nc3 h6 5. Bf4 Bd6 6. Bxd6 Qxd6 7. e3 O-O 8. Bd3
a6 9. c5 Qe7 10. Ne5 Nfd7 11. f4 Nxe5 12. fxe5 f6 13. exf6 Rxf6 14. Qe2 Nc6 15.
O-O-O Bd7 16. Bb1 Raf8 17. Qd3 Rf5 18. Ne2 Qg5 19. Nf4 b6 20. g4 Rxf4 21. exf4
Qxf4+ 22. Rd2 Rf6 23. cxb6 cxb6 24. Rhd1 Nb4 25. Qc3 Nc6 26. h3 e5 27. dxe5
Nxe5 28. Qd4 Bc6 29. Bc2 Qg5 30. Bb3 Nf3 31. Bxd5+ Kf8 32. Qb4+ Ke8 33. Qe4+
Kf8 34. Bxc6 Qc5+ 35. Rc2 Qg5+ 36. Kb1 Ne5 37. Re1 1-0

[Event "Bristol Centenary & WECU Championship"]
[Site "The Great Hall, Bristol Gramm"]
[Date "2024.04.27"]
[Round "3.2"]
[White "Verma, Aditya"]
[Black "Liu, Jack"]
[Result "1/2-1/2"]
[WhiteElo "2109"]
[BlackElo "1992"]
[PlyCount "75"]
[EventDate "2024.04.26"]
[EventRounds "5"]
[EventCountry "ENG"]
[SourceTitle "ID added"]
[SourceDate "2024.08.26"]
[SourceVersion "1"]
[SourceVersionDate "2024.08.26"]
[SourceQuality "1"]

1. e4 c5 2. Nf3 e6 3. Nc3 a6 4. d4 cxd4 5. Nxd4 b5 6. Bd3 Bb7 7. O-O Qc7 8. Re1
Nc6 9. Nxc6 dxc6 10. e5 Ne7 11. Qe2 Ng6 12. f4 Bc5+ 13. Kh1 O-O 14. Ne4 Be7 15.
Ng3 Rae8 16. a4 Rd8 17. Bd2 Qb8 18. f5 exf5 19. Nxf5 Bc8 20. Nxe7+ Nxe7 21. Bb4
Rfe8 22. Bd6 Qb7 23. Qh5 Ng6 24. Re4 h6 25. axb5 cxb5 26. Rd4 Nf8 27. Rf1 Be6
28. c3 Qc8 29. Rf3 Nh7 30. Rg3 Kh8 31. Rxg7 Kxg7 32. Rh4 Kh8 33. Qxh6 Bf5 34.
Qf6+ Kg8 35. Rxh7 Bxh7 36. Bxh7+ Kxh7 37. Qxf7+ Kh6 38. Qf6+ 1/2-1/2

[Event "Bristol Centenary & WECU Championship"]
[Site "The Great Hall, Bristol Gramm"]
[Date "2024.04.27"]
[Round "3.3"]
[White "Murawski, Jan"]
[Black "Saunders, Aron"]
[Result "1/2-1/2"]
[WhiteElo "1981"]
[BlackElo "2092"]
[PlyCount "123"]
[EventDate "2024.04.26"]
[EventRounds "5"]
[EventCountry "ENG"]
[SourceTitle "ID added"]
[SourceDate "2024.08.26"]
[SourceVersion "1"]
[SourceVersionDate "2024.08.26"]
[SourceQuality "1"]

1. d4 d5 2. c4 c6 3. Nc3 Nf6 4. Nf3 dxc4 5. a4 Bf5 6. e3 e6 7. Bxc4 Bb4 8. O-O
O-O 9. Qe2 Bg6 10. Ne5 Nbd7 11. Nxg6 hxg6 12. Rd1 Qa5 13. Qc2 Rfd8 14. Na2 Be7
15. Bd2 Qh5 16. Be1 Bd6 17. h3 c5 18. Be2 Qf5 19. Qxf5 gxf5 20. Nc3 cxd4 21.
Nb5 Be7 22. Nxd4 Nb6 23. Ba5 Nfd5 24. Bf3 Rd7 25. b3 Bb4 26. Bxb6 Nxb6 27. a5
Nd5 28. Nxf5 Rad8 29. Nd4 Nc3 30. Rdc1 e5 31. Nc2 Be7 32. a6 f5 33. axb7 e4 34.
Bh5 Rxb7 35. Nd4 Bb4 36. Bg6 f4 37. Rc2 Rd6 38. Bf5 Kf7 39. Ne2 g6 40. Bc8 Rc7
41. Ba6 Nxe2+ 42. Rxe2 f3 43. Rea2 Kf6 44. Ra4 Rb6 45. Bc4 a5 46. gxf3 exf3 47.
Rd1 Rc5 48. Rd4 Rg5+ 49. Kf1 Rb8 50. Ra1 Rh8 51. h4 Rgh5 52. Bd5 Bc3 53. Rf4+
Ke5 54. Rd1 g5 55. Rxf3 Rxh4 56. Rg3 g4 57. Bg2 Rb8 58. Rd5+ Kf6 59. Rd6+ Ke5
60. Rd5+ Kf6 61. Rd6+ Ke5 62. Rd5+ 1/2-1/2

[Event "Bristol Centenary & WECU Championship"]
[Site "The Great Hall, Bristol Gramm"]
[Date "2024.04.27"]
[Round "3.4"]
[White "Smith, Andrew P"]
[Black "Murphy, Conor E"]
[Result "0-1"]
[WhiteElo "2055"]
[BlackElo "2484"]
[PlyCount "118"]
[EventDate "2024.04.26"]
[EventRounds "5"]
[EventCountry "ENG"]
[SourceTitle "ID added"]
[SourceDate "2024.08.26"]
[SourceVersion "1"]
[SourceVersionDate "2024.08.26"]
[SourceQuality "1"]

1. e4 e5 2. d4 exd4 3. Qxd4 Nc6 4. Qe3 Nf6 5. Nc3 Bb4 6. Bd2 O-O 7. O-O-O Re8
8. Bc4 d6 9. Nf3 Be6 10. Bxe6 Rxe6 11. Ng5 Re8 12. f3 h6 13. Nh3 Ne5 14. Qe2 c6
15. g4 d5 16. g5 hxg5 17. Nxg5 Nc4 18. Nb1 Nxd2 19. Nxd2 Qa5 20. a3 Bxd2+ 21.
Rxd2 dxe4 22. Nxe4 Nxe4 23. fxe4 Qg5 24. Rhd1 Re6 25. Kb1 Rae8 26. Rd7 Rxe4 27.
Qf2 R4e7 28. Rxe7 Qxe7 29. Qxa7 Qe2 30. Rc1 b5 31. Qc7 Qc4 32. Rg1 g6 33. Rd1
Re2 34. Qd8+ Kg7 35. Rd2 Re1+ 36. Rd1 Re2 37. Rd2 Re1+ 38. Rd1 Qe4 39. Rxe1
Qxe1+ 40. Ka2 Qf2 41. Qd3 Qxh2 42. Qc3+ f6 43. Qxc6 g5 44. a4 bxa4 45. Qxa4 Qf4
46. Qd7+ Kh6 47. Qe8 g4 48. Qh8+ Kg5 49. Qg7+ Kh4 50. Qh7+ Kg3 51. Qh1 Kf2 52.
Qh4+ Kf3 53. Qh1+ Kf2 54. Qh4+ Ke2 55. b3 f5 56. c4 Kd3 57. Qe1 g3 58. Qb1+ Ke2
59. Qh1 Qf3 0-1